000 00392nam a22001337a 4500
003 OSt
005 20211123105713.0
008 211123b ||||| |||| 00| 0 eng d
040 _cAIMIT LIBRARY
100 _aM Shivani; B L Srinivas.
_d191908
_910768
245 _aTeachers Record Management system TRMS.
260 _aCluster Resource Center, Kumbra.
_bSrinivas B L.
_c2021
942 _2ddc
_cPRO
999 _c220723
_d220723